[Event "POLFINALY MISTRZOSTW POLSKI JUNIOROW 2021 C-13"]
[Site "Jatrzebia Gora"]
[Date "1899-12-30"]
[Round "4.16"]
[White "Saletra, Wiktor"]
[Black "Stanik, Szymon"]
[Result "1-0"]
[WhiteTitle "II"]
[BlackTitle "II"]
[WhiteElo "1082"]
[BlackElo "1372"]

1. c4 Nf6 2. Nc3 e6 3. g3 d5 4. Nf3 c5 5. d4 cxd4 6. Nxd4 Bc5 7. Nb3 Bb4 8. Qd3
Nc6 9. cxd5 exd5 10. Bg2 Be6 11. O-O O-O 12. Bg5 h6 13. Bxf6 Qxf6 14. Nxd5 Bxd5
15. Qxd5 Rfd8 16. Qb5 Rab8 17. a3 Bf8 18. Rab1 Qe6 19. Nc1 Qg6 20. Nd3 Qg4 21.
Bf3 Qe6 22. Bxc6 bxc6 23. Qe5 Qg6 24. Rfe1 Re8 25. Qc3 Rec8 26. Ne5 Qe6 27. Nc4
Be7 28. Qc2 Bf6 29. e3 Rb5 30. Nd2 Rcb8 31. b4 Rh5 32. Qe4 Bc3 33. Qxe6 fxe6 34.
Re2 Rf5 35. Ne4 Be5 36. Rc2 Rc8 37. Rbc1 Kf7 38. Rxc6 Rd8 39. g4 Rf6 40. Nxf6
Kxf6 41. R1c2 g5 42. Ra6 Rd7 43. Rc8 Bc7 44. a4 Bd6 45. b5 Kf7 46. Ra8 Bc5 47.
a5 Rb7 48. b6 axb6 49. R6a7 Rxa7 50. Rxa7+ Kf6 51. Rc7 1-0

[Event "POLFINALY MISTRZOSTW POLSKI JUNIOROW 2021 C-13"]
[Site "Jatrzebia Gora"]
[Date "1899-12-30"]
[Round "4.17"]
[White "Spytek, Hubert"]
[Black "Kolendo, Tymon"]
[Result "1/2-1/2"]
[WhiteTitle "II"]
[BlackTitle "III"]
[WhiteElo "1220"]
[BlackElo "1086"]

1. d4 d5 2. Bf4 c5 3. c3 Nc6 4. e3 Qb6 5. Qb3 c4 6. Qxb6 axb6 7. Nd2 Nf6 8. e4
e6 9. e5 Nd7 10. a3 f6 11. exf6 gxf6 12. O-O-O Kf7 13. g4 h6 14. Bg2 Ra5 15. Bg3
h5 16. gxh5 Rxh5 17. Nf1 Ra8 18. Ne3 Na5 19. Ne2 Nb3+ 20. Kb1 b5 21. Nc1 Nxc1
22. Kxc1 Bh6 23. f4 Bf8 24. Rhf1 f5 25. Rde1 Nf6 26. Rf2 Bd7 27. Nc2 Re8 28. Bf3
Rh7 29. Ree2 Bd6 30. Ne1 Rhh8 31. Bh1 Ng4 32. Rf1 Rh6 33. Nf3 Be7 34. Bg2 Bd8
35. h3 Nf6 1/2-1/2

[Event "POLFINALY MISTRZOSTW POLSKI JUNIOROW 2021 C-13"]
[Site "Jatrzebia Gora"]
[Date "1899-12-30"]
[Round "4.18"]
[White "Kempinski, Szymon"]
[Black "Kozik, Maksymilian"]
[Result "0-1"]
[WhiteTitle "II"]
[BlackTitle "II"]
[WhiteElo "1103"]
[BlackElo "1201"]

1. e4 e5 2. Bc4 Nf6 3. d3 Bc5 4. Nc3 d6 5. Nf3 Bg4 6. h3 Bh5 7. Bg5 c6 8. g4 Bg6
9. Qd2 Nbd7 10. O-O-O a5 11. a4 Qb6 12. Be3 Bxe3 13. Qxe3 Qxe3+ 14. fxe3 Nb6 15.
Bb3 O-O-O 16. Rhf1 Nfd7 17. d4 f6 18. Nh4 c5 19. Be6 Rhe8 20. d5 Kb8 21. Nxg6
hxg6 22. Bf7 Rh8 23. Rh1 g5 24. Ne2 Nxa4 25. Ng3 Nab6 26. Nf5 Nf8 27. Rdf1 g6
28. Ng3 Nbd7 29. Kd2 Rh7 30. Be6 Re8 31. Bxd7 Nxd7 32. Ne2 Reh8 33. Rf3 Rh4 34.
Rg3 Kc7 35. Nc3 Kb6 36. Ke2 c4 37. Kf2 Ka6 38. Kg2 b5 39. Rf3 b4 40. Nd1 Rf8 41.
Rhf1 Kb7 42. Nf2 Nc5 43. Ra1 Kb6 44. Rf1 a4 45. Ra1 Kb5 46. Kf1 Rh7 47. Ke2 Ra7
48. Rg3 a3 49. Rgg1 Ra6 50. Rgb1 a2 51. Rf1 Na4 52. Nd1 Nc5 53. Kf3 Rh8 54. Rh1
Rf8 55. Nf2 b3 56. c3 Rh8 57. Rh2 Ra7 58. Kg3 Rah7 59. Kf3 Na4 0-1

[Event "POLFINALY MISTRZOSTW POLSKI JUNIOROW 2021 C-13"]
[Site "Jatrzebia Gora"]
[Date "1899-12-30"]
[Round "4.19"]
[White "Wieckowski, Igor"]
[Black "Krasniewski, Grzegorz"]
[Result "1-0"]
[WhiteTitle "II"]
[BlackTitle "III"]
[WhiteElo "1140"]
[BlackElo "1075"]

1. c4 Nf6 2. Nc3 g6 3. g3 Bg7 4. Bg2 d6 5. e3 O-O 6. Nge2 e5 7. O-O Be6 8. Bxb7
Nbd7 9. Bxa8 Qxa8 10. f3 Bh3 11. Rf2 Qc6 12. Qa4 Qb7 13. Qb5 Nb6 14. a4 Qc8 15.
a5 Nbd7 16. Na4 c5 17. a6 Qc7 1-0

[Event "POLFINALY MISTRZOSTW POLSKI JUNIOROW 2021 C-13"]
[Site "Jatrzebia Gora"]
[Date "1899-12-30"]
[Round "4.20"]
[White "Leoniuk, Jan"]
[Black "Weber, Dorian"]
[Result "1-0"]
[WhiteTitle "II"]
[BlackTitle "III"]
[WhiteElo "1212"]
[BlackElo "1002"]

1. e4 c5 2. Nf3 d6 3. d4 cxd4 4. Qxd4 Nc6 5. Bb5 Bd7 6. Bxc6 Bxc6 7. c4 Nf6 8.
Nc3 Qb6 9. Qd3 g6 10. Rb1 Bg7 11. Be3 Qc7 12. Bd4 O-O 13. b3 a6 14. O-O Rab8 15.
c5 dxc5 16. Be5 Qd8 17. Qc4 Rc8 18. Rfd1 Qb6 19. Na4 Bxa4 20. bxa4 Qc6 21. a5
Nxe4 22. Rb6 Rfd8 23. Re1 Qd5 24. Qxd5 Rxd5 25. Rxe4 Rd1+ 26. Ne1 c4 27. Kf1 c3
28. Ke2 Rd2+ 29. Kf3 c2 30. Nxc2 Rcxc2 31. Bg3 Rc3+ 32. Re3 Rxe3+ 33. Kxe3 Rxa2
34. Rxb7 Bf6 35. Bc7 Bc3 36. Bf4 Kg7 37. Rxe7 Rxa5 38. Kd3 Ra3 39. Bc1 Bb4+ 40.
Bxa3 Bxe7 41. Bxe7 f5 42. Kd4 Kf7 43. Ba3 Ke6 44. Bb2 a5 45. Ke3 g5 46. h4 h6
47. hxg5 hxg5 48. g4 fxg4 49. Ke4 a4 50. Ba1 a3 51. Bc3 g3 52. fxg3 a2 53. Ba1
Kf7 54. Kf5 g4 55. Kxg4 Kg6 56. Kf4 Kf7 57. Kf5 Kg8 58. Kg6 1-0

[Event "POLFINALY MISTRZOSTW POLSKI JUNIOROW 2021 C-13"]
[Site "Jatrzebia Gora"]
[Date "1899-12-30"]
[Round "4.21"]
[White "Renn, Grzegorz"]
[Black "Mejer, Blazej"]
[Result "1/2-1/2"]
[WhiteTitle "II"]
[BlackTitle "III"]
[WhiteElo "1125"]
[BlackElo "1024"]

1. e4 e6 2. d4 d5 3. Nd2 Nf6 4. e5 Nfd7 5. Bd3 b6 6. Ne2 c5 7. c3 Ba6 8. Bxa6 Nxa6
9. Nf3 Be7 10. Nf4 O-O 11. h4 cxd4 12. cxd4 Nc7 13. h5 h6 14. Rh3 Rc8 15. Qd3
Ne8 16. Rg3 Kh8 17. Be3 Rc6 18. Qd2 Rc4 19. a3 Qc7 20. Nxe6 fxe6 21. Bxh6 Rg8
22. Bxg7+ Rxg7 23. Qh6+ Kg8 24. Qxe6+ Kf8 25. Qf5+ Rf7 26. Qg6 Rc1+ 27. Rxc1 Qxc1+
28. Ke2 Qxb2+ 29. Nd2 Rxf2+ 30. Kxf2 Qxd2+ 31. Kg1 Qxd4+ 32. Kh2 Qh4+ 33. Kg1
Bc5+ 34. Kf1 Qc4+ 35. Rd3 Nxe5 36. Qf5+ Nf7 1/2-1/2

[Event "POLFINALY MISTRZOSTW POLSKI JUNIOROW 2021 C-13"]
[Site "Jatrzebia Gora"]
[Date "1899-12-30"]
[Round "5.1"]
[White "Bartnik, Michal"]
[Black "Warchol, Kamil"]
[Result "0-1"]
[WhiteTitle "II+"]
[BlackTitle "CM"]
[WhiteElo "1595"]
[BlackElo "1976"]

1. e4 d6 2. d4 Nf6 3. Nc3 e5 4. dxe5 dxe5 5. Qxd8+ Kxd8 6. Bc4 Be6 7. Bxe6 fxe6
8. Nf3 Bd6 9. h3 Ke7 10. Bg5 c6 11. a4 b6 12. O-O-O Nbd7 13. Nd2 h6 14. Be3 Bc7
15. g3 Raf8 16. Nc4 a6 17. g4 b5 18. Nd2 Bb6 19. Bxb6 Nxb6 20. a5 Nbd7 21. b4
c5 22. Na2 Ne8 23. f3 Nd6 24. c3 Rc8 25. Kb2 Nb8 26. Nb3 Nd7 27. Nd2 Rhf8 28.
Rhf1 Nb8 29. Rde1 Nc6 30. bxc5 Nb7 31. Nb3 Ncxa5 32. Nxa5 Nxa5 33. Nb4 Nc4+ 34.
Kc2 Rfd8 35. Re2 a5 36. Nd3 Na3+ 37. Kd2 Rxc5 38. Ra1 Nc4+ 39. Kc2 Rc7 40. Ree1
Rcd7 41. Rad1 Na3+ 42. Kb3 Rxd3 43. Rxd3 Rxd3 44. Kxa3 Rxc3+ 45. Kb2 Rxf3 46.
Rc1 Rxh3 47. Rc5 Kf6 48. Rxb5 Re3 49. Rxa5 Rxe4 50. Ra8 Rxg4 51. Rf8+ Kg6 52.
Rf1 h5 53. Kc3 Kg5 54. Kd3 h4 55. Re1 e4+ 56. Ke3 e5 57. Rh1 Kf5 58. Rf1+ Rf4
59. Rh1 g5 60. Ke2 Rf3 0-1

[Event "POLFINALY MISTRZOSTW POLSKI JUNIOROW 2021 C-13"]
[Site "Jatrzebia Gora"]
[Date "1899-12-30"]
[Round "5.2"]
[White "Sawicki, Dorian"]
[Black "Nocek, Dominik"]
[Result "1-0"]
[WhiteTitle "I"]
[BlackTitle "II"]
[WhiteElo "1550"]
[BlackElo "1428"]

1. d4 Nf6 2. c4 c5 3. e3 e6 4. Nf3 b6 5. Be2 Bb7 6. O-O cxd4 7. Nxd4 a6 8. Nc3
Be7 9. Bf3 Qc7 10. Qe2 Nc6 11. b3 Rc8 12. Bb2 O-O 13. Rfd1 Rfd8 14. Rac1 Ne5 15.
Bxb7 Qxb7 16. e4 Bc5 17. Kh1 Nc6 18. Nxc6 dxc6 19. e5 Nd7 20. Ne4 Bf8 21. Qg4
c5 22. Ng5 h6 23. Ne4 Kh7 24. Qh4 Qb8 25. Rd3 Kg8 26. Rcd1 Qb7 27. Qg4 Be7 28.
Nf6+ Bxf6 29. exf6 g6 30. Qh4 Kh7 31. Bc1 1-0

[Event "POLFINALY MISTRZOSTW POLSKI JUNIOROW 2021 C-13"]
[Site "Jatrzebia Gora"]
[Date "1899-12-30"]
[Round "5.3"]
[White "Jasiulewicz, Dawid"]
[Black "Dobosiewicz, Dawid"]
[Result "0-1"]
[WhiteTitle "I"]
[BlackTitle "I"]
[WhiteElo "1654"]
[BlackElo "1678"]

1. d4 Nf6 2. Nf3 e6 3. c4 b6 4. g3 Ba6 5. b3 Bb4+ 6. Bd2 Be7 7. Bg2 c6 8. Bg5 d5
9. Nbd2 Nbd7 10. O-O O-O 11. Re1 Rc8 12. e4 dxe4 13. Bxf6 Nxf6 14. Nxe4 c5 15.
Nc3 cxd4 16. Nxd4 Bb4 17. Re3 Bxc3 18. Rxc3 Qd6 19. Nc2 Qc7 20. Rd3 Bb7 21. Bxb7
Qxb7 22. Qe2 b5 23. Na3 bxc4 24. bxc4 Rfd8 25. Nb5 Rxd3 26. Qxd3 Qb6 27. Rd1 h5
28. Qd4 Qxd4 29. Rxd4 e5 30. Rd2 Rxc4 31. Nxa7 h4 32. Kg2 g5 33. Nb5 g4 34. gxh4
Nh5 35. Nd6 Nf4+ 36. Kg3 Nh5+ 37. Kg2 Nf4+ 38. Kg3 Nh5+ 39. Kg2 Rc3 40. Rd1 Nf4+
41. Kf1 Rc2 42. Ra1 Nh3 43. a4 Rxf2+ 44. Ke1 Rxh2 45. Ra3 Rh1+ 46. Ke2 Rh2+ 47.
Kf1 f5 48. Nc4 f4 49. Nxe5 g3 50. Nf3 Rf2+ 51. Ke1 g2 52. Ng1 Rf1+ 53. Kd2 Nxg1
54. a5 Nf3+ 55. Rxf3 Rxf3 0-1

[Event "POLFINALY MISTRZOSTW POLSKI JUNIOROW 2021 C-13"]
[Site "Jatrzebia Gora"]
[Date "1899-12-30"]
[Round "5.4"]
[White "Blaszkiewicz, Jakub"]
[Black "Kowalski, Witold"]
[Result "0-1"]
[WhiteTitle "II"]
[BlackTitle "II+"]
[WhiteElo "1462"]
[BlackElo "1480"]

1. e4 c5 2. Nf3 e6 3. d4 cxd4 4. Nxd4 Nf6 5. Nc3 Nc6 6. Be2 Bb4 7. Nxc6 bxc6 8.
Qd3 h6 9. O-O d5 10. e5 Nd7 11. Qg3 g6 12. f4 Qc7 13. a3 Bc5+ 14. Kh1 Bb7 15.
Na4 Be7 16. Bd3 Nc5 17. Nxc5 Bxc5 18. c4 Bd4 19. cxd5 cxd5 20. Bd2 a5 21. Rac1
Qe7 22. b4 Bb2 23. Bb5+ Kf8 24. bxa5 Bxa3 25. Ra1 Bb4 26. Bxb4 Qxb4 27. Rfb1 Rxa5
28. Bd3 Rxa1 29. Rxa1 Kg7 30. f5 exf5 31. Bxf5 Qd4 32. Re1 Re8 33. e6 Qf6 34.
Bh3 Re7 35. exf7 Rxe1+ 36. Qxe1 Kxf7 37. Bd7 Kg7 38. h3 Ba6 39. Qb4 g5 40. Qc5
Bc4 41. Be8 Qa1+ 42. Qg1 Qxg1+ 43. Kxg1 Kf6 44. Kf2 Ke5 45. Ke3 d4+ 46. Kd2 Kf4
47. Bc6 Kg3 48. Ke1 Bd3 49. Bf3 Bg6 50. Kd2 Kf4 51. Ba8 Be4 52. g3+ Kf3 53. Bxe4+
Kxe4 54. h4 Kf3 55. hxg5 hxg5 56. Kd3 Kxg3 57. Kxd4 Kf3 0-1

[Event "POLFINALY MISTRZOSTW POLSKI JUNIOROW 2021 C-13"]
[Site "Jatrzebia Gora"]
[Date "1899-12-30"]
[Round "5.5"]
[White "Wilangowski, Olivier"]
[Black "Przedlacki, Wiktor"]
[Result "0-1"]
[WhiteTitle "II"]
[BlackTitle "III"]
[WhiteElo "1454"]
[BlackElo "1176"]

1. e4 c5 2. Nf3 Nc6 3. c3 d5 4. exd5 Qxd5 5. d4 Bg4 6. dxc5 Qxc5 7. Be3 Qa5 8.
b4 Qc7 9. Na3 e5 10. Qa4 Bd7 11. Qb3 Be6 12. Bc4 Bxc4 13. Qxc4 a6 14. O-O b5 15.
Qb3 Bd6 16. h3 Nf6 17. Rad1 O-O 18. Rfe1 Rfd8 19. Re2 Rac8 20. c4 bxc4 21. Nxc4
Bxb4 22. Rxd8+ Qxd8 23. Ncxe5 Qd5 24. Nxc6 Qxb3 25. axb3 Rxc6 26. Nd4 Rc7 27.
Ra2 a5 28. Ra1 Kf8 29. Rd1 Nd5 30. Bg5 h6 31. Bh4 Rd7 32. Rc1 Nc3 33. Kh2 Rxd4
34. Bg3 Rd1 35. Rc2 Rb1 36. Rd2 Rxb3 37. Rd8+ Ke7 38. Ra8 a4 39. Ra7+ Ke6 40.
Ra6+ Kd5 41. Ra8 a3 42. Rd8+ Kc4 43. Rc8+ Kd3 44. Rd8+ Kc2 45. Bf4 a2 46. Rd2+
Kb1 47. Be5 a1=Q 48. Rd1+ Nxd1 49. Bxa1 Bd6+ 50. g3 Kxa1 51. f4 Rb2+ 52. Kg1 Ka2
53. Kh1 Kb3 54. Kg1 Kc3 55. Kh1 Kd3 56. Kg1 Ke3 57. Kh1 Kf3 58. Kg1 Nf2 59. Kh2
Ne4+ 60. Kg1 Bc5+ 61. Kh1 Nxg3# 0-1

[Event "POLFINALY MISTRZOSTW POLSKI JUNIOROW 2021 C-13"]
[Site "Jatrzebia Gora"]
[Date "1899-12-30"]
[Round "5.6"]
[White "Nagly, Wojciech"]
[Black "Wilgosz, Szczepan"]
[Result "1-0"]
[WhiteTitle "II"]
[BlackTitle "II"]
[WhiteElo "1432"]
[BlackElo "1297"]

1. e4 c5 2. Nf3 Nc6 3. c3 Nf6 4. e5 Nd5 5. d4 cxd4 6. cxd4 d6 7. Bc4 Nb6 8. Bb5
Bd7 9. exd6 e6 10. Bf4 Nd5 11. Bg3 Qa5+ 12. Nc3 Nxc3 13. bxc3 Qxb5 14. Rb1 Qd5
15. Qd3 Na5 16. Ne5 Bxd6 17. Nxd7 Bxg3 18. Rb5 Qxd7 19. hxg3 Nc6 20. Ke2 Ke7 21.
d5 Rhd8 22. Rhb1 b6 23. c4 Qd6 24. Qe3 Na5 25. c5 Qxd5 26. cxb6 Qc4+ 27. Ke1 Rd3
28. Qg5+ f6 29. Qxg7+ Kd6 30. bxa7 Nc6 31. Rb7 Rd4 32. Qc7+ Kc5 33. R1b5+ Qxb5
34. Rxb5+ Kxb5 35. Qb7+ Kc5 36. Qxa8 Kb6 37. Qxc6+ Kxc6 38. a8=Q+ Kc5 39. Qa7+
Kc4 40. Qxh7 Kc3 41. Qc7+ Kd3 42. f3 e5 43. Qc1 e4 44. Qb1+ Ke3 45. fxe4 Rxe4
46. Qxe4+ Kxe4 47. Ke2 Kd4 48. Kf3 Kc3 49. Kf4 Kb4 50. Kf5 Ka3 51. Kxf6 Kxa2 52.
g4 Kb3 53. g5 Kc4 54. g6 Kd5 55. g7 Ke4 56. g4 Kf4 57. g5 Kg4 58. g8=Q Kh5 59.
g6 Kh4 60. g7 Kh5 61. Qc4 Kh6 62. Qh4# 1-0

[Event "POLFINALY MISTRZOSTW POLSKI JUNIOROW 2021 C-13"]
[Site "Jatrzebia Gora"]
[Date "1899-12-30"]
[Round "5.7"]
[White "Uhryn, Mateusz"]
[Black "Gawlik, Olivier"]
[Result "1/2-1/2"]
[WhiteTitle "I"]
[BlackTitle "II"]
[WhiteElo "1393"]
[BlackElo "1183"]

1. d4 d5 2. c4 e6 3. Nf3 Nf6 4. g3 Be7 5. Bg2 Nbd7 6. O-O O-O 7. a4 c5 8. cxd5
Nxd5 9. Nc3 N7f6 10. Bg5 h6 11. Nxd5 Nxd5 12. Bxe7 Qxe7 13. Rc1 cxd4 14. Qxd4
Rd8 15. Rfd1 Bd7 16. e4 Nf6 17. Rc7 Qe8 18. Qc4 Bc6 19. Re1 Rdb8 20. Ne5 Rc8 21.
Rxc8 Rxc8 22. Nxc6 Rxc6 23. Qd3 Qd7 24. Qe3 Rb6 25. b3 Ng4 26. Qe2 Ne5 27. Rd1
Rd6 28. Rxd6 Qxd6 29. Bf1 Qb4 30. Qe3 Qd4 31. Qxd4 Nf3+ 32. Kg2 Nxd4 33. Bc4 a6
34. f4 b5 35. axb5 axb5 36. Bd3 Nxb3 37. Bxb5 Kf8 38. Kf2 Nd4 39. Ba4 e5 40. fxe5
Ne6 41. Ke3 Ke7 42. Bb3 Nd8 43. Bd5 Ke8 44. Kd4 Kd7 45. Ke3 Ke8 46. h4 Ke7 47.
Kf4 Ne6+ 48. Bxe6 Kxe6 49. g4 g5+ 50. hxg5 hxg5+ 51. Kxg5 Kxe5 52. Kh6 Kxe4 53.
Kg7 Kf4 54. Kxf7 Kxg4 1/2-1/2

[Event "POLFINALY MISTRZOSTW POLSKI JUNIOROW 2021 C-13"]
[Site "Jatrzebia Gora"]
[Date "1899-12-30"]
[Round "5.8"]
[White "Nowak, Maciej"]
[Black "Leszczewicz, Karol"]
[Result "0-1"]
[WhiteTitle "II"]
[BlackTitle "II+"]
[WhiteElo "1338"]
[BlackElo "1393"]

1. d4 Nf6 2. c4 c5 3. d5 b5 4. Bf4 bxc4 5. Nc3 g6 6. e4 d6 7. Bxc4 Bg7 8. Nge2
O-O 9. f3 Nbd7 10. a3 Rb8 11. Rb1 Nh5 12. Qc2 Nxf4 13. Nxf4 Qa5 14. O-O Ba6 15.
Bxa6 Qxa6 16. Nd3 Nb6 17. b3 c4 18. Nb4 Qxa3 19. Nc6 Rb7 20. Rfc1 Qc5+ 21. Kh1
Nc8 22. Na4 Qe3 23. bxc4 Nb6 24. c5 dxc5 25. Nxc5 Rc7 26. Qb3 Qxb3 27. Rxb3 Bh6
28. Ra1 Bg7 29. Rxa7 Rxa7 30. Nxa7 Bd4 31. Rxb6 Bxc5 32. Rc6 Bxa7 33. Rc7 Rb8
34. g3 Rb1+ 35. Kg2 Rb2+ 36. Kh1 Bd4 37. Rxe7 Kf8 38. Rc7 Rb8 39. Kg2 Be5 40.
Rc6 g5 41. Ra6 Kg7 42. Ra4 h5 43. Rc4 Rb2+ 44. Kh3 Rf2 45. d6 Bxd6 46. Rc3 Rxf3
47. Rxf3 g4+ 48. Kg2 gxf3+ 49. Kxf3 Kg6 50. h3 Kf6 51. Kf2 Ke5 52. Ke3 Bc5+ 53.
Kf3 Bd4 54. g4 h4 55. g5 Bc3 56. Ke3 Be1 57. Kf3 Bg3 58. Kg4 Kxe4 0-1

[Event "POLFINALY MISTRZOSTW POLSKI JUNIOROW 2021 C-13"]
[Site "Jatrzebia Gora"]
[Date "1899-12-30"]
[Round "5.9"]
[White "Spionkowski, Fabian"]
[Black "Krzastek, Adrian"]
[Result "1-0"]
[WhiteTitle "I+"]
[BlackTitle "II"]
[WhiteElo "1687"]
[BlackElo "1220"]

1. e4 c5 2. Nf3 d6 3. d4 cxd4 4. Nxd4 Nf6 5. Nc3 g6 6. Bc4 Bg7 7. Be3 O-O 8. f3
Nc6 9. Qd2 Re8 10. O-O-O Bd7 11. g4 Rc8 12. Bb3 Ne5 13. h3 Nc4 14. Bxc4 Rxc4 15.
h4 Qa5 16. Nb3 Qa6 17. Kb1 Rc7 18. h5 Rec8 19. hxg6 fxg6 20. Bh6 Bh8 21. Bg5 b5
22. Bxf6 Bxf6 23. Qh6 Be6 24. Qxh7+ Kf8 25. Nd4 Bf7 26. Nd5 Bxd5 27. exd5 Bxd4
28. Rxd4 Ke8 29. Qxg6+ Kd8 30. Rh8+ Kd7 31. Qe6# 1-0

[Event "POLFINALY MISTRZOSTW POLSKI JUNIOROW 2021 C-13"]
[Site "Jatrzebia Gora"]
[Date "1899-12-30"]
[Round "5.10"]
[White "Kozik, Maksymilian"]
[Black "Wandor, Adam"]
[Result "0-1"]
[WhiteTitle "II"]
[BlackTitle "II"]
[WhiteElo "1201"]
[BlackElo "1373"]

1. e4 c6 2. d4 d5 3. e5 Bf5 4. Nf3 e6 5. Be2 Nd7 6. O-O c5 7. c3 cxd4 8. cxd4 Ne7
9. Nc3 Nc6 10. a3 a6 11. b4 b5 12. Be3 Rc8 13. Qb3 Be7 14. Rac1 O-O 15. Rfd1 Bg4
16. h3 Bh5 17. Ne1 Bxe2 18. Nxe2 Nb6 19. Nf3 Nc4 20. Rc2 Qb6 21. Nd2 a5 22. bxa5
N6xa5 23. Nxc4 Nxb3 24. Nxb6 Rxc2 25. Ng3 Rc6 26. Rb1 Rxb6 27. Rxb3 b4 28. axb4
Rxb4 29. Rxb4 Bxb4 30. f4 Rc8 31. Kf2 Rc2+ 32. Ne2 Bd2 33. Bxd2 Rxd2 34. Ke3 Rb2
35. Kd3 g6 36. g3 Kf8 37. Nc1 Ke7 38. Ne2 Rb1 39. Nc3 Rh1 40. h4 Kd7 41. Ne2 Kc6
42. Nc3 Rh3 43. Ne2 Kb5 44. Nc3+ Kb4 45. Ne2 h5 46. Kd2 Rh2 47. Kd3 Rxe2 48. Kxe2
Kc3 49. Ke3 Kc4 0-1

[Event "POLFINALY MISTRZOSTW POLSKI JUNIOROW 2021 C-13"]
[Site "Jatrzebia Gora"]
[Date "1899-12-30"]
[Round "5.11"]
[White "Nowakowski, Maksymilian"]
[Black "Saletra, Wiktor"]
[Result "1-0"]
[WhiteTitle "II"]
[BlackTitle "II"]
[WhiteElo "1368"]
[BlackElo "1082"]

1. c4 e6 2. Nf3 f5 3. g3 Nf6 4. Bg2 c6 5. O-O d5 6. d3 Bd6 7. Nc3 O-O 8. e4 Bb4
9. e5 Bxc3 10. bxc3 Nfd7 11. d4 h6 12. Nd2 g5 13. Kh1 Kh7 14. h3 Rg8 15. Nf3 Qf8
16. Qd2 Nb6 17. cxd5 cxd5 18. Rb1 Nc4 19. Qd3 Kh8 20. Nd2 Nxd2 21. Bxd2 Nc6 22.
c4 dxc4 23. Qxc4 Qe8 24. Bc3 Kh7 25. d5 exd5 26. Bxd5 Rf8 27. f4 Qh5 28. Kg2 Qe8
29. e6 Nd8 30. Qc7+ Nf7 31. exf7 Qe2+ 32. Rf2 Qd3 33. Qe5 Kg6 34. Qg7+ Kh5 35.
g4+ fxg4 36. hxg4+ Bxg4 37. Rh1+ 1-0

[Event "POLFINALY MISTRZOSTW POLSKI JUNIOROW 2021 C-13"]
[Site "Jatrzebia Gora"]
[Date "1899-12-30"]
[Round "5.12"]
[White "Wasiluk, Mateusz"]
[Black "Zmuda, Tomasz"]
[Result "1-0"]
[WhiteTitle "II"]
[BlackTitle "II"]
[WhiteElo "1263"]
[BlackElo "1343"]

1. e4 c5 2. Nf3 d6 3. Bb5+ Bd7 4. Bxd7+ Nxd7 5. O-O Ngf6 6. Qe2 a6 7. c3 e6 8.
d4 cxd4 9. cxd4 Qc7 10. Nc3 Be7 11. e5 dxe5 12. dxe5 Ng4 13. Re1 Bc5 14. Ne4 Ba7
15. Nd6+ Kf8 16. Nxf7 Bxf2+ 17. Kh1 Bxe1 18. N3g5 Nf2+ 19. Kg1 Qa5 20. Be3 Nxe5
21. Nxe5 Nh3+ 22. gxh3 Qxe5 23. Rxe1 Ke7 24. Nxe6 Kd7 25. Nc5+ Kc6 26. Nd3 Qd6
27. Qc2+ Kd7 28. Nc5+ Kc8 29. Nxa6+ Qc6 30. Qf5+ Qd7 31. Rc1+ Kd8 32. Bg5+ Ke8
33. Re1+ 1-0

[Event "POLFINALY MISTRZOSTW POLSKI JUNIOROW 2021 C-13"]
[Site "Jatrzebia Gora"]
[Date "1899-12-30"]
[Round "5.13"]
[White "Pachura, Mateusz"]
[Black "Nagly, Krzysztof"]
[Result "1-0"]
[WhiteTitle "III"]
[BlackTitle "II"]
[WhiteElo "1107"]
[BlackElo "1328"]

1. e4 e5 2. Nf3 Nc6 3. Bc4 Nf6 4. Ng5 d5 5. exd5 Nd4 6. c3 b5 7. Bf1 Nxd5 8. cxd4
Qxg5 9. Bxb5+ Kd8 10. O-O exd4 11. Bc6 Rb8 12. d3 Qf5 13. Re1 Be6 14. Qe2 Bd6
15. Na3 Bxa3 16. bxa3 Nc3 17. Qc2 Qc5 18. Bf3 Kd7 19. Bb2 Rb6 20. Rac1 Rhb8 21.
Bxc3 Qxc3 22. Qa4+ Kd8 23. Rxc3 dxc3 24. Qd4+ Rd6 25. Qxc3 f6 26. Rc1 Rd7 27.
Qc5 Rf7 28. Bd5 Bxd5 29. Qxd5+ Ke8 30. f4 Rd8 31. Re1+ Re7 32. Qg8+ Kd7 33. Rxe7+
Kxe7 34. Qxg7+ Ke6 35. Qxc7 Rxd3 36. Qc4+ Rd5 37. f5+ Ke5 38. Kf2 Rd2+ 39. Ke3
Rd1 40. Qe6# 1-0

[Event "POLFINALY MISTRZOSTW POLSKI JUNIOROW 2021 C-13"]
[Site "Jatrzebia Gora"]
[Date "1899-12-30"]
[Round "5.14"]
[White "Maciaga, Jan"]
[Black "Wieckowski, Igor"]
[Result "1/2-1/2"]
[WhiteTitle "II"]
[BlackTitle "II"]
[WhiteElo "1375"]
[BlackElo "1140"]

1. c4 Nf6 2. Nc3 c6 3. g3 d5 4. cxd5 cxd5 5. d4 e6 6. Bg2 Nc6 7. Nf3 Be7 8. Bf4
Qb6 9. Rb1 Nh5 10. Qd2 Bb4 11. O-O Na5 12. b3 Nxf4 13. gxf4 Nc6 14. Qd3 Bxc3 15.
Qxc3 Qb4 16. Rfc1 Qxc3 17. Rxc3 f6 18. e3 Ke7 19. a3 Bd7 20. Nd2 Rac8 21. Rbc1
a6 22. b4 Na7 23. Rxc8 Rxc8 24. Rxc8 Bxc8 25. Bf1 Kd6 26. Bd3 h6 27. Kf1 Nc6 28.
Nb3 b6 29. Ke2 e5 30. fxe5+ fxe5 31. dxe5+ Nxe5 32. Nd4 Nxd3 33. Kxd3 g5 34. f3
Bd7 35. Kd2 Ke5 36. Ke2 Be8 37. Kd2 Bd7 38. Ke2 Be8 39. Kf2 Bd7 40. Ke2 Be8 1/2-1/2

[Event "POLFINALY MISTRZOSTW POLSKI JUNIOROW 2021 C-13"]
[Site "Jatrzebia Gora"]
[Date "1899-12-30"]
[Round "5.15"]
[White "Spytek, Hubert"]
[Black "Jaszczuk, Piotr"]
[Result "0-1"]
[WhiteTitle "II"]
[BlackTitle "II"]
[WhiteElo "1220"]
[BlackElo "1344"]

1. d4 Nf6 2. Bf4 e6 3. e3 c5 4. c3 b6 5. Nd2 d6 6. Qf3 d5 7. Bb5+ Bd7 8. Bxd7+
Nbxd7 9. Qe2 Be7 10. Ngf3 O-O 11. Bg3 Re8 12. Ne5 Nxe5 13. Bxe5 Bd6 14. f4 Qe7
15. g4 Bxe5 16. fxe5 Nd7 17. h4 f6 18. exf6 Nxf6 19. g5 Nd7 20. O-O-O e5 21. Qg2
Qd6 22. Qg3 Qc6 23. Nf3 e4 24. Ne1 Rf8 25. Ng2 b5 26. Nf4 b4 27. Qe1 Rad8 28.
Rh2 Rfe8 29. Rc2 Qa4 30. Kb1 b3 31. axb3 Qxb3 32. Kc1 Nb6 33. dxc5 Nc4 34. Rd4
Qa2 35. Kd1 Qb1+ 0-1

[Event "POLFINALY MISTRZOSTW POLSKI JUNIOROW 2021 C-13"]
[Site "Jatrzebia Gora"]
[Date "1899-12-30"]
[Round "5.16"]
[White "Kolendo, Tymon"]
[Black "Osinski, Maksymilian"]
[Result "0-1"]
[WhiteTitle "III"]
[BlackTitle "II"]
[WhiteElo "1086"]
[BlackElo "1238"]

1. d4 Nf6 2. c4 e6 3. Nf3 Bb4+ 4. Bd2 Bxd2+ 5. Qxd2 O-O 6. g3 d5 7. Bg2 Ne4 8.
Qc2 Nd7 9. cxd5 exd5 10. Nc3 Ndf6 11. O-O Bf5 12. Qb3 Rb8 13. Rad1 Nxc3 14. bxc3
Bg4 15. Rfe1 c6 16. Ne5 Bf5 17. a4 Re8 18. Rd2 Bg6 19. Nxg6 hxg6 20. Rb2 Re7 21.
Bf3 Qd6 22. Qb4 Qe6 23. Kg2 g5 24. e3 g4 25. Be2 Qe4+ 26. Kg1 Nh7 27. Bxg4 Rbe8
28. Bh3 Ng5 29. Bg2 Qg4 30. Qb3 Nh3+ 31. Bxh3 Qxh3 32. Qc2 f5 33. Qe2 f4 34. gxf4
Re6 35. f5 Re4 36. f3 0-1

[Event "POLFINALY MISTRZOSTW POLSKI JUNIOROW 2021 C-13"]
[Site "Jatrzebia Gora"]
[Date "1899-12-30"]
[Round "5.17"]
[White "Trusewicz, Jakub"]
[Black "Leoniuk, Jan"]
[Result "1-0"]
[WhiteTitle "II"]
[BlackTitle "II"]
[WhiteElo "1222"]
[BlackElo "1212"]

1. e4 e5 2. Nf3 Nc6 3. Nc3 Be7 4. Bb5 a6 5. Bxc6 dxc6 6. Nxe5 Bb4 7. O-O Bd6 8.
Nf3 Bg4 9. d4 Qd7 10. Qd3 O-O-O 11. Ne2 c5 12. a4 Bxf3 13. Qxf3 cxd4 14. Nxd4
Nf6 15. c3 Rhe8 16. Bg5 Ng4 17. Bxd8 Nxh2 18. Qd3 Nxf1 19. Bxc7 Bxc7 20. Kxf1
Rd8 21. b4 Bb6 22. b5 Bxd4 23. cxd4 Qxd4 24. Rc1+ Kb8 25. Qg3+ Ka7 26. Kg1 Qxa4
27. b6+ Ka8 28. Qc7 Qd7 29. Qxd7 Rxd7 30. Rc8# 1-0

[Event "POLFINALY MISTRZOSTW POLSKI JUNIOROW 2021 C-13"]
[Site "Jatrzebia Gora"]
[Date "1899-12-30"]
[Round "5.18"]
[White "Stanik, Szymon"]
[Black "Owczarz, Michal"]
[Result "1/2-1/2"]
[WhiteTitle "II"]
[BlackTitle "II"]
[WhiteElo "1372"]
[BlackElo "1180"]

1. e4 c5 2. Nf3 Nc6 3. d4 cxd4 4. Nxd4 Nf6 5. Nc3 e5 6. Ndb5 d6 7. Nd5 Nxd5 8.
exd5 Nb8 9. c4 Be7 10. Be2 O-O 11. O-O Nd7 12. f4 f5 13. Qc2 g6 14. Be3 a6 15.
Nc3 Nf6 16. h3 Re8 17. b4 Qc7 18. Rfd1 Bd7 19. Qb3 Kg7 20. a4 Rec8 21. a5 Nh5
22. Bb6 Qb8 23. fxe5 dxe5 24. d6 Bd8 25. Nd5 Nf4 26. Nxf4 exf4 27. Bd4+ Kf8 28.
c5 Bg5 29. Bc4 Be8 30. Qc3 Bf7 31. Bg7+ Kg8 32. Bh8 Bh6 33. Bxf7+ Kxf7 34. Qc4+
Kf8 35. d7 Rd8 36. Bf6 f3 37. Rd6 Qc7 38. Be5 Bg7 39. Rf6+ Bxf6 40. Bxc7 Rxd7
41. Bd6+ Kg7 42. gxf3 Bxa1 43. b5 axb5 44. Qxb5 Rf7 1/2-1/2

[Event "POLFINALY MISTRZOSTW POLSKI JUNIOROW 2021 C-13"]
[Site "Jatrzebia Gora"]
[Date "1899-12-30"]
[Round "5.19"]
[White "Krasniewski, Grzegorz"]
[Black "Renn, Grzegorz"]
[Result "0-1"]
[WhiteTitle "III"]
[BlackTitle "II"]
[WhiteElo "1075"]
[BlackElo "1125"]

1. e4 c5 2. Nf3 e6 3. d4 cxd4 4. Nxd4 Nf6 5. Nc3 Nc6 6. Ndb5 Bb4 7. Nd6+ Ke7 8.
Bf4 Ne8 9. e5 Nxd6 10. exd6+ Ke8 11. Qg4 Qf6 12. Qg3 e5 13. Bd2 Nd4 14. O-O-O
Qf5 15. Bd3 Qf6 16. Ne4 Bxd2+ 17. Rxd2 Qh6 18. Qxe5+ Ne6 19. Re1 a5 20. Nc5 Rf8
21. Nxe6 fxe6 22. g4 g6 23. g5 Qh4 24. Re4 Qh3 25. Qg7 Rf7 26. Qg8+ Rf8 27. Rf4
Rxg8 0-1